00599nam a22002057a 450000500170000001000130001702000220003003500130005203700160006504000120008108200160009310000190010924500770012826000360020527000440024130000200028550000500030565000240035565000140037920170124105942.0 aA-996208 c00.00a8174790357 aA-996208 bCen Lib/Ret aDPLbEN a355.02bSHA aSharma, Rajeev aPak proxy war :cby Rajeev Sharma ba story of ISI, bin Laden and Kargil aNew Delhi bKaveri Books c2002 bNew Delhi e110002a21-A, Ansari Road  a223p.c21cm(Hb) aIncludes bibliographical references and index akargil Operations  aTerrorism